[Event "10eme Open International de La Fere"]
[Site "La Fere (FRA)"]
[Date "2011.07.08"]
[Round "8.36"]
[White "Paillard, Maximilien"]
[Black "Donatini, Adrien"]
[Result "1-0"]
[WhiteElo "1703"]
[BlackElo "1471"]
[PlyCount "57"]
[EventDate "2011.??.??"]

1. e4 e5 2. Bc4 Nc6 3. Nc3 Bc5 4. d3 Nf6 5. a3 d6 6. Na4 O-O 7. Nxc5 dxc5 8.
Ne2 Ng4 9. h3 Qh4 10. O-O Nf6 11. Qe1 Bxh3 12. gxh3 Qxh3 13. f3 Nd4 14. Nxd4
cxd4 15. Qf2 Qh5 16. Qh2 Qg6+ 17. Kf2 Nh5 18. Rg1 Qf6 19. Qxh5 Kh8 20. Qg5 Qxg5
21. Bxg5 h5 22. Rh1 g6 23. Bf6+ Kh7 24. f4 exf4 25. Bxd4 g5 26. Rxh5+ Kg6 27.
Rah1 g4 28. Rh6+ Kg5 29. R1h5# 1-0

[Event "10eme Open International de La Fere"]
[Site "La Fere (FRA)"]
[Date "2011.07.08"]
[Round "8.37"]
[White "Caloone, Jules"]
[Black "Vernede, Victor"]
[Result "0-1"]
[WhiteElo "1429"]
[BlackElo "1702"]
[PlyCount "38"]
[EventDate "2011.??.??"]

1. e4 e6 2. d4 d5 3. exd5 exd5 4. c4 dxc4 5. Bxc4 Nf6 6. Nf3 Bd6 7. O-O O-O 8.
Nc3 Bg4 9. h3 Bh5 10. Qd3 Nc6 11. Bg5 Nb4 12. Qf5 Bg6 13. Qb5 b6 14. Nh4 a6 15.
Qa4 b5 16. Nxb5 axb5 17. Qxb5 Qb8 18. Rfc1 Qxb5 19. Bxb5 Rxa2 0-1

[Event "10eme Open International de La Fere"]
[Site "La Fere (FRA)"]
[Date "2011.07.08"]
[Round "8.38"]
[White "Remy, Camille"]
[Black "Roux, Jean-Francois"]
[Result "0-1"]
[WhiteElo "1400"]
[BlackElo "1682"]
[PlyCount "70"]
[EventDate "2011.??.??"]

1. e4 c5 2. Nf3 d6 3. Nc3 Nf6 4. Bb5+ Bd7 5. Bxd7+ Qxd7 6. d3 g6 7. O-O Bg7 8.
Be3 O-O 9. Re1 Nc6 10. h3 Rfd8 11. Rb1 a6 12. d4 cxd4 13. Bxd4 Nxd4 14. Qxd4
Rac8 15. Qd2 b5 16. Nd5 Qb7 17. Nxf6+ Bxf6 18. b3 Bc3 19. Qe2 Bxe1 20. Rxe1 Rc5
21. Rd1 Rdc8 22. Rc1 Qc7 23. Ne1 Qa5 24. Ra1 Qc3 25. Qd1 Rg5 26. Nf3 Rgc5 27.
Ne1 Qf6 28. f3 Qc3 29. Nd3 Qd4+ 30. Nf2 Qxd1+ 31. Rxd1 Rxc2 32. a4 bxa4 33.
bxa4 Rc1 34. Rxc1 Rxc1+ 35. Kh2 Ra1 0-1

[Event "10eme Open International de La Fere"]
[Site "La Fere (FRA)"]
[Date "2011.07.08"]
[Round "8.39"]
[White "Podvin, Antoine"]
[Black "Vernadet, Cyril"]
[Result "1-0"]
[WhiteElo "1377"]
[BlackElo "1649"]
[PlyCount "91"]
[EventDate "2011.??.??"]

1. d4 e6 2. c4 d5 3. Nc3 Bb4 4. Qa4+ Nc6 5. Nf3 Nge7 6. Bg5 f6 7. Bf4 O-O 8. e3
Bd7 9. Qb3 b6 10. cxd5 Nxd5 11. Bg3 Nxc3 12. bxc3 Bd6 13. Bb5 Na5 14. Qb1 a6
15. Bd3 f5 16. Be5 Bc6 17. Bxd6 cxd6 18. Be2 Bxf3 19. Bxf3 Re8 20. Qd3 b5 21.
O-O d5 22. a4 Nc4 23. axb5 axb5 24. Rfb1 Qd7 25. g3 Ra5 26. Qc2 Na3 27. Rxa3
Rxa3 28. Be2 Qc6 29. Rxb5 Rxc3 30. Qa4 Ra8 31. Qb4 Rc8 32. Rb6 Qe8 33. Bb5 Qh5
34. Bd7 Qh3 35. Bxe6+ Kh8 36. Qxc3 Ra8 37. Bxd5 Rd8 38. Qc7 Re8 39. Rb8 Qh5 40.
Rxe8+ Qxe8 41. Qf7 Qc8 42. Be6 Qa8 43. Bxf5 Qa1+ 44. Kg2 Qa8+ 45. Kh3 h6 46.
Qg6 1-0

[Event "10eme Open International de La Fere"]
[Site "La Fere (FRA)"]
[Date "2011.07.08"]
[Round "8.40"]
[White "Tonneau, Bastien"]
[Black "Fauchart, Francois"]
[Result "0-1"]
[WhiteElo "1370"]
[BlackElo "1642"]
[PlyCount "76"]
[EventDate "2011.??.??"]

1. e4 c5 2. Nf3 d6 3. Nc3 Nf6 4. Bb5+ Bd7 5. Bxd7+ Nbxd7 6. d3 e6 7. O-O Be7 8.
h3 O-O 9. Bg5 h6 10. Be3 a6 11. Qd2 b5 12. Bxh6 gxh6 13. Qxh6 Nh7 14. Ne2 Bg5
15. Nxg5 Qxg5 16. Qxg5+ Nxg5 17. h4 Nh7 18. g4 Ne5 19. g5 Nf3+ 20. Kg2 Nxh4+
21. Kh3 Ng6 22. Rg1 Kg7 23. f4 Rh8 24. Kg4 f5+ 25. Kg3 Rag8 26. Rh1 Nhf8 27.
Rag1 Nd7 28. Kf2 Nb8 29. b3 a5 30. a3 Nc6 31. Rd1 Rf8 32. Rxh8 Rxh8 33. Ke3
Rh3+ 34. Kd2 Rh2 35. Re1 Nxf4 36. Kd1 Nxd3 37. Rf1 Nb2+ 38. Kc1 Rxe2 0-1

[Event "10eme Open International de La Fere"]
[Site "La Fere (FRA)"]
[Date "2011.07.08"]
[Round "8.41"]
[White "Rech, Thomas"]
[Black "Bouchard, Sebastien"]
[Result "0-1"]
[WhiteElo "1360"]
[BlackElo "1610"]
[PlyCount "82"]
[EventDate "2011.??.??"]

1. e4 c5 2. Nf3 Nc6 3. Bc4 e6 4. Nc3 d6 5. O-O Nf6 6. d3 d5 7. exd5 exd5 8. Bb3
Be6 9. Re1 Be7 10. Bg5 O-O 11. Na4 b6 12. c4 d4 13. Bc2 Nd7 14. Bxe7 Qxe7 15.
Qd2 Qf6 16. a3 Bg4 17. Bd1 Rfe8 18. Rxe8+ Rxe8 19. Be2 Kf8 20. Re1 Nce5 21.
Nxe5 Nxe5 22. Bxg4 Nxg4 23. Rxe8+ Kxe8 24. Qe2+ Qe5 25. Qe4 Qxe4 26. dxe4 Ke7
27. b3 Ke6 28. h3 Ne5 29. Nb2 g5 30. f3 h5 31. Kf2 h4 32. Ke2 f5 33. Kf2 Nc6
34. Nd3 Na5 35. b4 Nb7 36. bxc5 fxe4 37. fxe4 Nxc5 38. Nb4 Nxe4+ 39. Kf3 Kf5
40. Nc6 Nd2+ 41. Kf2 Ke4 0-1

[Event "10eme Open International de La Fere"]
[Site "La Fere (FRA)"]
[Date "2011.07.08"]
[Round "8.42"]
[White "Dupont, Victor"]
[Black "Dagnicourt, Marie"]
[Result "1-0"]
[WhiteElo "1609"]
[BlackElo "1350"]
[PlyCount "51"]
[EventDate "2011.??.??"]

1. c4 Nf6 2. Nf3 d5 3. g3 g6 4. Bg2 Bg7 5. Nc3 O-O 6. cxd5 Nxd5 7. O-O Nxc3 8.
dxc3 Nc6 9. Bf4 e5 10. Be3 Bd7 11. Qb3 Rb8 12. Rfd1 Qe7 13. Bc5 Be6 14. Bxe7
Bxb3 15. Bxf8 Bxd1 16. Bxg7 Bxe2 17. Bh6 Re8 18. Re1 Bc4 19. b3 Bd3 20. Nd4
Nxd4 21. cxd4 e4 22. f3 f5 23. Bf4 Re7 24. Be5 exf3 25. Bxf3 b6 26. Rc1 1-0

[Event "10eme Open International de La Fere"]
[Site "La Fere (FRA)"]
[Date "2011.07.08"]
[Round "8.43"]
[White "Caloone, Claire"]
[Black "Van Poucke, Anthony"]
[Result "0-1"]
[WhiteElo "1340"]
[BlackElo "1599"]
[PlyCount "104"]
[EventDate "2011.??.??"]

1. e4 e5 2. Nf3 Nc6 3. Bb5 Nge7 4. O-O g6 5. d3 Bg7 6. Nc3 O-O 7. Be3 d6 8. h3
a6 9. Bxc6 Nxc6 10. Qd2 Be6 11. a3 Qd7 12. Kh2 f5 13. Bh6 fxe4 14. dxe4 Bxh3
15. Bxg7 Kxg7 16. Nxe5 Nxe5 17. f4 Bxg2 18. Qxg2 Ng4+ 19. Kg1 Ne3 20. Qd2 Qg4+
21. Kf2 Qxf4+ 22. Ke2 Nxf1 23. Qxf4 Rxf4 24. Rxf1 Rxf1 25. Kxf1 c6 26. Ke2 Re8
27. Ke3 d5 28. Kd4 dxe4 29. Nxe4 Rxe4+ 30. Kxe4 h5 31. Kf4 Kf6 32. Kg3 Kf5 33.
c4 Ke4 34. Kh4 Kd4 35. Kg5 Kxc4 36. b4 Kb3 37. b5 axb5 38. a4 bxa4 39. Kxg6 h4
40. Kf5 h3 41. Kf4 h2 42. Ke3 h1=Q 43. Kd3 Qh4 44. Ke3 Qg4 45. Kf2 Qh3 46. Kg1
Kc3 47. Kf2 Kd4 48. Kg1 Ke4 49. Kf2 Qf3+ 50. Kg1 Qe2 51. Kh1 Kf3 52. Kg1 Qg2#
0-1

[Event "10eme Open International de La Fere"]
[Site "La Fere (FRA)"]
[Date "2011.07.08"]
[Round "8.44"]
[White "Siegfried, Francois"]
[Black "Benkirane, Nabil"]
[Result "0-1"]
[WhiteElo "1314"]
[BlackElo "1560"]
[PlyCount "90"]
[EventDate "2011.??.??"]

1. e4 e5 2. Nf3 Nc6 3. d4 exd4 4. Nxd4 Nxd4 5. Qxd4 Qf6 6. c3 Qxd4 7. cxd4 Bb4+
8. Bd2 Bxd2+ 9. Nxd2 Nf6 10. Bd3 O-O 11. O-O d6 12. Nf3 Bd7 13. Rac1 c6 14.
Rfe1 Rfe8 15. Nd2 Be6 16. b3 Nd7 17. Nc4 d5 18. Nd6 Reb8 19. e5 Nb6 20. Re3 Kf8
21. f4 Nc8 22. Nxc8 Rxc8 23. f5 Bd7 24. Rg3 g6 25. fxg6 hxg6 26. Rf1 Kg7 27. h4
Rh8 28. Rf4 Rac8 29. Rgf3 Be6 30. Rg3 c5 31. Bxg6 fxg6 32. Rf6 Bf7 33. Rgf3 Rc7
34. dxc5 Re8 35. h5 gxh5 36. Rg3+ Kh7 37. Rgf3 Ree7 38. Re3 d4 39. Re1 Rc6 40.
Rd6 Rxc5 41. Rxd4 Rcxe5 42. Rxe5 Rxe5 43. Rd7 Kg7 44. Rxb7 Ra5 45. a4 Kf6 0-1

[Event "10eme Open International de La Fere"]
[Site "La Fere (FRA)"]
[Date "2011.07.08"]
[Round "8.45"]
[White "Soriano, Jean-Claude"]
[Black "Biellmann, Patrick"]
[Result "1-0"]
[WhiteElo "1560"]
[BlackElo "1280"]
[PlyCount "71"]
[EventDate "2011.??.??"]

1. d4 d5 2. c4 Nf6 3. Nc3 c6 4. e3 g6 5. Nf3 Bg7 6. Bd3 O-O 7. O-O dxc4 8. Bxc4
b5 9. Bd3 Bb7 10. b3 Nd5 11. Ne4 Nd7 12. Qd2 c5 13. Bb2 Qb6 14. Ne5 Bxe5 15.
dxe5 a6 16. Rac1 Rac8 17. a3 f6 18. f4 fxe5 19. fxe5 Qe6 20. Ng5 Qg4 21. e4 Nf4
22. e6 Nxd3 23. exd7 Bxe4 24. dxc8=Q Rxc8 25. Nxe4 Qxe4 26. Rce1 Qf5 27. Rb1
Qd5 28. Bc3 c4 29. Qh6 Ne5 30. Rbe1 cxb3 31. Bxe5 Qc5+ 32. Kh1 Qxe5 33. Rxe5 b2
34. Rb1 Rc1+ 35. Rxc1 bxc1=Q+ 36. Qxc1 1-0

[Event "10eme Open International de La Fere"]
[Site "La Fere (FRA)"]
[Date "2011.07.08"]
[Round "8.47"]
[White "Lepere, Rodrigue"]
[Black "Van Poucke, Guy"]
[Result "0-1"]
[WhiteElo "1250"]
[BlackElo "1490"]
[PlyCount "40"]
[EventDate "2011.??.??"]

1. d4 Nf6 2. Nc3 d5 3. e4 dxe4 4. f3 exf3 5. Qxf3 e6 6. Bg5 Be7 7. O-O-O c6 8.
Nh3 a5 9. Bc4 b5 10. Qxc6+ Nxc6 11. Bxb5 Bd7 12. d5 exd5 13. Nxd5 Nxd5 14. Rxd5
Bxg5+ 15. Nxg5 O-O 16. Bxc6 Ra7 17. Rhd1 Re8 18. Bxd7 Rxd7 19. Rxd7 Qxg5+ 20.
R1d2 Re1# 0-1

[Event "10eme Open International de La Fere"]
[Site "La Fere (FRA)"]
[Date "2011.07.08"]
[Round "8.52"]
[White "Gaudin, Roger"]
[Black "Baye, Dylan"]
[Result "1-0"]
[WhiteElo "1535"]
[BlackElo "1220"]
[PlyCount "36"]
[EventDate "2011.??.??"]

1. d4 d5 2. c4 c6 3. Nc3 Nf6 4. e3 Bf5 5. Bd3 Qd7 6. Nge2 Bg4 7. f3 Be6 8. e4
dxc4 9. Bc2 Qc8 10. O-O c5 11. d5 Bd7 12. e5 Ng8 13. f4 e6 14. d6 f6 15. Ng3
fxe5 16. fxe5 Nc6 17. Qh5+ g6 18. Bxg6+ hxg6 1-0

[Event "10eme Open International de La Fere"]
[Site "La Fere (FRA)"]
[Date "2011.07.08"]
[Round "8.55"]
[White "Podvin, Helene"]
[Black "Tonneau, Antoine"]
[Result "1-0"]
[WhiteElo "1199"]
[BlackElo "1190"]
[PlyCount "31"]
[EventDate "2011.??.??"]

1. e4 d5 2. exd5 Qxd5 3. Nf3 Qd8 4. d4 Nf6 5. Nc3 b6 6. Bc4 Nc6 7. d5 Nb4 8.
Ne5 Bf5 9. O-O Nxc2 10. Rb1 Nb4 11. d6 e6 12. d7+ Nxd7 13. Bb5 Bxb1 14. Bxd7+
Ke7 15. Qd4 Nxa2 16. Nc6# 1-0

[Event "10eme Open International de La Fere"]
[Site "La Fere (FRA)"]
[Date "2011.07.08"]
[Round "8.56"]
[White "Marchyllie, Gabriel"]
[Black "Dagnicourt, Adrien"]
[Result "0-1"]
[WhiteElo "1140"]
[BlackElo "1070"]
[PlyCount "56"]
[EventDate "2011.??.??"]

1. e4 d6 2. Nf3 Nf6 3. Nc3 g6 4. d4 Bg7 5. Bg5 h6 6. Bxf6 exf6 7. e5 fxe5 8.
dxe5 O-O 9. Qd4 Nc6 10. Qd5 Nb4 11. Qe4 dxe5 12. Nxe5 Re8 13. Qxb4 Rxe5+ 14.
Ne4 f5 15. Bd3 Bf8 16. Qc4+ Be6 17. Qa4 Bd5 18. f3 Qh4+ 19. g3 Qe7 20. O-O-O
Rd8 21. f4 Re6 22. Rhe1 fxe4 23. Bxe4 Bxe4 24. Rxd8 Qxd8 25. Rxe4 Qe7 26. Rd4
Re1+ 27. Rd1 Qe3+ 28. Kb1 Rxd1# 0-1

[Event "10eme Open International de La Fere"]
[Site "La Fere (FRA)"]
[Date "2011.07.09"]
[Round "9.1"]
[White "Miezis, Normunds"]
[Black "Lobzhanidze, Davit"]
[Result "1-0"]
[WhiteElo "2520"]
[BlackElo "2483"]
[Annotator "Utilisateur"]
[PlyCount "129"]
[EventDate "2011.??.??"]

1. c4 e6 2. e4 d5 3. exd5 exd5 4. d4 Nf6 5. Nc3 Be7 6. Nf3 O-O 7. Be2 dxc4 8.
Bxc4 Bg4 9. Be3 Nbd7 10. h3 Bh5 11. O-O Nb6 12. Bb3 c6 13. Re1 Nfd5 14. Bd2 Bd6
15. Ne4 Bf4 16. Bxf4 Nxf4 17. Ng3 Bxf3 18. Qxf3 Nbd5 19. Re5 Ng6 20. Ree1 Ngf4
21. Rad1 Qd7 22. Ne4 b6 23. h4 Rab8 24. g3 Ne6 25. Qf5 Nc5 26. Qxd7 Nxd7 27.
Bxd5 cxd5 28. Nc3 Nf6 29. Re5 Rbd8 30. Re7 a5 31. Rde1 Rb8 32. Rc7 Rfe8 33.
Rxe8+ Rxe8 34. Rb7 Re1+ 35. Kg2 h6 36. Rxb6 Rc1 37. Rc6 Kh7 38. Rc5 a4 39. Nxd5
Rd1 40. Nxf6+ gxf6 41. Rc4 Rd2 42. Rxa4 Rxb2 43. Kf3 Kg6 44. Ra5 h5 45. Ke3 Rb1
46. a4 Rb3+ 47. Ke4 Rb2 48. f4 Rb3 49. Rb5 Rxg3 50. a5 f5+ 51. Rxf5 f6 52. Rc5
Ra3 53. f5+ Kf7 54. Kd5 Ke7 55. Rc7+ Kd8 56. Ra7 Ra4 57. a6 Kc8 58. Kc5 Kb8 59.
Rb7+ Ka8 60. Rb4 Ra5+ 61. Rb5 Ra4 62. d5 Rxh4 63. d6 Rf4 64. d7 Rxf5+ 65. Kc6
1-0

[Event "10eme Open International de La Fere"]
[Site "La Fere (FRA)"]
[Date "2011.07.09"]
[Round "9.3"]
[White "Jerez Perez, Alfonso"]
[Black "Houriez, Clement"]
[Result "1/2-1/2"]
[WhiteElo "2416"]
[BlackElo "2328"]
[PlyCount "26"]
[EventDate "2011.??.??"]

1. e4 c5 2. c3 d5 3. exd5 Qxd5 4. d4 Nf6 5. Nf3 e6 6. Bd3 Be7 7. O-O O-O 8. c4
Qh5 9. Be2 Rd8 10. Ng5 Qh4 11. Nf3 Qh5 12. Ne5 Qh4 13. Nf3 Qh5 1/2-1/2

[Event "10eme Open International de La Fere"]
[Site "La Fere (FRA)"]
[Date "2011.07.09"]
[Round "9.4"]
[White "Mancini, Mario"]
[Black "Piankov, Evgenij"]
[Result "1-0"]
[WhiteElo "2213"]
[BlackElo "2327"]
[PlyCount "129"]
[EventDate "2011.??.??"]

1. d4 d5 2. c4 e6 3. Nf3 c6 4. e3 Bd6 5. Nc3 f5 6. Bd3 Nf6 7. Qc2 Ne4 8. O-O
Nd7 9. b3 O-O 10. Bb2 Qe7 11. Ne2 b6 12. Ne5 Bxe5 13. dxe5 Nec5 14. cxd5 cxd5
15. Nf4 Nxd3 16. Qxd3 Nc5 17. Qd4 Qf7 18. Ba3 Ba6 19. Rac1 g5 20. Nh3 h6 21.
Bxc5 bxc5 22. Rxc5 Rac8 23. Rfc1 Qb7 24. f4 g4 25. Nf2 h5 26. Nd3 Bxd3 27. Qxd3
Rxc5 28. Rxc5 Rc8 29. Qc3 Rxc5 30. Qxc5 Kf7 31. Kf2 h4 32. Qa5 Qc6 33. Qd2 Qc5
34. Ke1 Ke8 35. Kd1 Qb5 36. Qe2 Qc5 37. Qa6 Kf7 38. Qb7+ Kf8 39. Qb8+ Kf7 40.
Qd8 Qxe3 41. Qf6+ Kg8 42. Qxe6+ Kg7 43. Qf6+ Kg8 44. Qg5+ Kh8 45. Qxh4+ Kg7 46.
Qf6+ Kg8 47. Qe6+ Kg7 48. Qxd5 Qxf4 49. Qd7+ Kg6 50. Qc6+ Kg7 51. Qf6+ Kh7 52.
e6 Qf1+ 53. Kc2 Qxg2+ 54. Kc3 Qf3+ 55. Kb4 Qf4+ 56. Kb5 Qb8+ 57. Kc6 Qe8+ 58.
Kd6 Qb8+ 59. Ke7 f4 60. Qh4+ Kg6 61. Qxg4+ Kh6 62. Kf7 Qb7+ 63. Kf6 Kh7 64.
Qg6+ Kh8 65. Qe8+ 1-0

[Event "10eme Open International de La Fere"]
[Site "La Fere (FRA)"]
[Date "2011.07.09"]
[Round "9.5"]
[White "Forthofer, Robert"]
[Black "Safranska, Anda"]
[Result "1/2-1/2"]
[WhiteElo "2274"]
[BlackElo "2230"]
[PlyCount "36"]
[EventDate "2011.??.??"]

1. b3 d5 2. Bb2 Nf6 3. e3 g6 4. c4 dxc4 5. Bxc4 Bg7 6. Nf3 O-O 7. O-O c5 8. d4
cxd4 9. Nxd4 Bd7 10. Nc3 Nc6 11. Nxc6 Bxc6 12. Qxd8 Rfxd8 13. Rfd1 Ne4 14.
Rxd8+ Rxd8 15. Rd1 Re8 16. Rc1 Rd8 17. Rd1 Re8 18. Rc1 Rd8 1/2-1/2

[Event "10eme Open International de La Fere"]
[Site "La Fere (FRA)"]
[Date "2011.07.09"]
[Round "9.6"]
[White "Loiret, Stanislas"]
[Black "Schartz, Alain"]
[Result "1-0"]
[WhiteElo "2267"]
[BlackElo "2172"]
[PlyCount "33"]
[EventDate "2011.??.??"]

1. d4 d5 2. Nf3 Nf6 3. c4 e6 4. e3 c6 5. Nbd2 Nbd7 6. Qc2 Bd6 7. Be2 O-O 8. O-O
e5 9. dxe5 Nxe5 10. Nxe5 Bxe5 11. Nf3 Bc7 12. b3 Qe7 13. Bb2 h6 14. Bxf6 gxf6
15. cxd5 cxd5 16. Rfd1 Rd8 17. Rac1 1-0

[Event "10eme Open International de La Fere"]
[Site "La Fere (FRA)"]
[Date "2011.07.09"]
[Round "9.7"]
[White "Bardoux, Thierry"]
[Black "Peric, Slavisa"]
[Result "1/2-1/2"]
[WhiteElo "2154"]
[BlackElo "2258"]
[PlyCount "52"]
[EventDate "2011.??.??"]

1. d4 d5 2. Nf3 c5 3. c3 Nf6 4. e3 Nc6 5. Bd3 e6 6. Nbd2 Bd6 7. O-O O-O 8. dxc5
Bxc5 9. e4 Qc7 10. Qe2 h6 11. b4 Bb6 12. Bb2 a5 13. b5 Ne5 14. Nxe5 Qxe5 15.
Nf3 Qh5 16. e5 Nd7 17. Ba3 Bc5 18. Bc1 f6 19. exf6 Rxf6 20. Be3 Bd6 21. h3 e5
22. Nh2 Qe8 23. Bc2 Nc5 24. Rad1 Be6 25. Bxc5 Bxc5 26. Qxe5 Qxb5 1/2-1/2

[Event "10eme Open International de La Fere"]
[Site "La Fere (FRA)"]
[Date "2011.07.09"]
[Round "9.8"]
[White "Vedovotto, Nicolas"]
[Black "Henris, Luc"]
[Result "0-1"]
[WhiteElo "2068"]
[BlackElo "2189"]
[PlyCount "76"]
[EventDate "2011.??.??"]

1. Nc3 e5 2. Nf3 Nc6 3. d4 exd4 4. Nxd4 Nf6 5. Bg5 Bc5 6. e3 h6 7. Bxf6 Qxf6 8.
Ndb5 Bb6 9. Nd5 Qd8 10. Be2 O-O 11. O-O Ne7 12. c4 Nxd5 13. cxd5 d6 14. Rc1 Bd7
15. Qb3 Re8 16. Rfd1 Re5 17. Bf3 Rc8 18. a4 Qe8 19. Rc4 Qe7 20. Nc3 Re8 21. Ne2
a5 22. Ng3 f5 23. Rcc1 Qf7 24. Qc2 f4 25. exf4 Qxf4 26. b3 Bg4 27. Bxg4 Qxg4
28. Qc4 Qg5 29. Rc2 Re1+ 30. Rxe1 Rxe1+ 31. Nf1 Rd1 32. Re2 Qxd5 33. Qf4 Rb1
34. Re8+ Kh7 35. Qf8 Rb2 36. Re7 Bxf2+ 37. Kh1 Bd4 38. Rxc7 Qxg2# 0-1

[Event "10eme Open International de La Fere"]
[Site "La Fere (FRA)"]
[Date "2011.07.09"]
[Round "9.9"]
[White "Vandervorst, Marc"]
[Black "Schroeder, Jan-Christian"]
[Result "0-1"]
[WhiteElo "1882"]
[BlackElo "2164"]
[PlyCount "108"]
[EventDate "2011.??.??"]

1. e4 e5 2. Nf3 Nc6 3. Bc4 Nf6 4. d3 Be7 5. Nc3 d6 6. h3 O-O 7. a3 Be6 8. Nd5
Nb8 9. Nxf6+ Bxf6 10. Bxe6 fxe6 11. O-O Nc6 12. c3 d5 13. Nh2 b6 14. Qg4 Qd6
15. Bg5 Ne7 16. Rae1 Ng6 17. d4 exd4 18. Bxf6 Rxf6 19. cxd4 Rf4 20. e5 Qe7 21.
Qd1 c5 22. Nf3 Raf8 23. Re3 Nh4 24. Nxh4 Rxd4 25. Ng6 hxg6 26. Qc2 Qf7 27. Rg3
Qf5 28. Qc3 Rf4 29. f3 Rc4 30. Qe3 d4 31. Qb3 Rc2 32. Rg4 Re2 33. Qc4 Rxe5 34.
b4 Rd8 35. f4 Red5 36. bxc5 bxc5 37. Rg5 Qe4 38. Rg3 Rf5 39. Qa4 Rdf8 40. Qc4
Qd5 41. Qxd5 Rxd5 42. Rxg6 Rf6 43. Rxf6 gxf6 44. Kf2 c4 45. Ke2 Ra5 46. Rc1 Ra4
47. g4 e5 48. Kf3 d3 49. Ke3 exf4+ 50. Kd2 f3 51. Ke3 Kg7 52. h4 f2 53. Rf1
Rxa3 54. Rxf2 d2+ 0-1

[Event "10eme Open International de La Fere"]
[Site "La Fere (FRA)"]
[Date "2011.07.09"]
[Round "9.10"]
[White "Marchyllie, Bruno"]
[Black "Jimenez, Martin"]
[Result "0-1"]
[WhiteElo "2143"]
[BlackElo "1888"]
[PlyCount "86"]
[EventDate "2011.??.??"]

1. e4 c6 2. d4 d5 3. Nd2 dxe4 4. Nxe4 Bf5 5. Ng3 Bg6 6. Nh3 e6 7. Bc4 Nd7 8.
O-O Qc7 9. Nf4 O-O-O 10. Bxe6 fxe6 11. Nxe6 Qb6 12. Nxd8 Qxd8 13. Bf4 Ngf6 14.
c4 c5 15. Qa4 Qb6 16. b4 cxb4 17. c5 Qa6 18. Qb3 Qd3 19. c6 bxc6 20. Qa4 Qb5
21. Qxa7 Qb7 22. Qa5 Nd5 23. Bg5 Bd6 24. Rfe1 Bc2 25. Ne4 Bc7 26. Rac1 Bxe4 27.
Qa4 Nc3 28. Qb3 Bd5 29. Qb2 Nxa2 30. Ra1 b3 31. Re7 Ba5 32. Qe2 Bd8 33. Rxg7
Nc3 34. Qg4 Na2 35. Rb1 Re8 36. Qh5 Rh8 37. Bf4 Nc3 38. Rxd7 Qxd7 39. Qe5 Qe6
40. Qb8+ Kd7 41. Ra1 Ne2+ 42. Kh1 Nxf4 43. Qxf4 Bc7 0-1

[Event "10eme Open International de La Fere"]
[Site "La Fere (FRA)"]
[Date "2011.07.09"]
[Round "9.11"]
[White "Dumas, Victor"]
[Black "Feryn, Alexandre"]
[Result "1/2-1/2"]
[WhiteElo "1929"]
[BlackElo "2063"]
[PlyCount "76"]
[EventDate "2011.??.??"]

1. e4 c5 2. d4 cxd4 3. c3 Nf6 4. e5 Nd5 5. Nf3 e6 6. cxd4 d6 7. Nc3 Nxc3 8.
bxc3 Qc7 9. Qc2 Nd7 10. Bf4 dxe5 11. Bxe5 Nxe5 12. Nxe5 Bd6 13. Bb5+ Ke7 14.
Nf3 a6 15. Bd3 b5 16. O-O Bb7 17. Be4 Rac8 18. Bxb7 Qxb7 19. Qd3 Qc6 20. Rfc1
h5 21. a4 Qc4 22. Qxc4 Rxc4 23. axb5 axb5 24. Ra7+ Kf6 25. Nd2 Rc7 26. Rxc7
Bxc7 27. Rb1 Rb8 28. h3 Kf5 29. Kf1 e5 30. Nf3 f6 31. Ke2 Ke4 32. dxe5 fxe5 33.
Nd2+ Kd5 34. f3 Kc5 35. Ne4+ Kc6 36. Ra1 Kb6 37. Ra2 Rg8 38. Rb2 Kc6 1/2-1/2

[Event "10eme Open International de La Fere"]
[Site "La Fere (FRA)"]
[Date "2011.07.09"]
[Round "9.14"]
[White "Mestdagh, Franck"]
[Black "Pretceille, Jeremie"]
[Result "1-0"]
[WhiteElo "1948"]
[BlackElo "1857"]
[PlyCount "121"]
[EventDate "2011.??.??"]

1. Nf3 Nf6 2. d4 e6 3. g3 c5 4. Bg2 Nc6 5. O-O d5 6. c4 Be7 7. Nc3 O-O 8. cxd5
exd5 9. Qb3 c4 10. Qd1 a6 11. Re1 Re8 12. Ne5 Bf5 13. e4 Nxe5 14. dxe5 Nxe4 15.
Nxd5 Nc5 16. Be3 Rc8 17. Qh5 Bg6 18. Qg4 Qd7 19. Qxd7 Nxd7 20. Bh3 Rcd8 21.
Rad1 Bd3 22. Nc7 Nxe5 23. Nxe8 Nf3+ 24. Kh1 Nxe1 25. Rxe1 Bb4 26. Bb6 Bxe1 27.
Bxd8 Bxf2 28. Ba5 Kf8 29. Nd6 b5 30. Bb4 Kg8 31. Bg2 Bd4 32. Bc3 Bc5 33. Ne4
Bb6 34. a3 f5 35. Ng5 h6 36. Bd5+ Kf8 37. Bb4+ Ke8 38. Bc6+ Kd8 39. Ne6+ Kc8
40. Nxg7 Kc7 41. Bf3 Be3 42. Ne6+ Kb6 43. Nf4 Bc1 44. Nxd3 cxd3 45. Bc3 Kc5 46.
Kg2 Kc4 47. Bd1 a5 48. Kf3 b4 49. axb4 axb4 50. Bg7 Kd5 51. Bb3+ Kd6 52. Bc4 d2
53. Ke2 Kc5 54. b3 f4 55. gxf4 d1=Q+ 56. Kxd1 Bxf4 57. h3 Kb6 58. Bf8 Ka5 59.
Be7 Be3 60. Ke2 Bc1 61. Bd8# 1-0

[Event "10eme Open International de La Fere"]
[Site "La Fere (FRA)"]
[Date "2011.07.09"]
[Round "9.16"]
[White "Jean, Robert"]
[Black "Thomas, Olivier"]
[Result "1/2-1/2"]
[WhiteElo "1808"]
[BlackElo "2035"]
[PlyCount "87"]
[EventDate "2011.??.??"]

1. c4 Nf6 2. g3 g6 3. Bg2 Bg7 4. Nc3 d6 5. e4 e5 6. Nge2 Nc6 7. d3 O-O 8. O-O
Nh5 9. Be3 f5 10. exf5 Bxf5 11. Ne4 Qd7 12. d4 Rac8 13. d5 Nd4 14. f3 Bxe4 15.
fxe4 Rxf1+ 16. Kxf1 Nxe2 17. Qxe2 Rf8+ 18. Kg1 Nf6 19. Rf1 a6 20. b3 Qg4 21.
Qxg4 Nxg4 22. Rxf8+ Kxf8 23. Bd2 Bh6 24. Be1 Be3+ 25. Kh1 Nf6 26. h3 Nd7 27.
Ba5 c6 28. Bf3 cxd5 29. cxd5 b6 30. Bc3 Ke7 31. b4 Bd4 32. Bd2 b5 33. Kg2 Nb6
34. Be2 Na4 35. Bg5+ Kf7 36. Bg4 Nc3 37. Be6+ Ke8 38. Kf3 Nxa2 39. Bd2 Bc3 40.
Bxc3 Nxc3 41. Bc8 Na2 42. Bxa6 Nxb4 43. Bxb5+ Ke7 44. g4 1/2-1/2

[Event "10eme Open International de La Fere"]
[Site "La Fere (FRA)"]
[Date "2011.07.09"]
[Round "9.17"]
[White "Van Wiele, Kurt"]
[Black "Mataigne, Jean-Michel"]
[Result "0-1"]
[WhiteElo "1806"]
[BlackElo "2017"]
[PlyCount "89"]
[EventDate "2011.??.??"]

1. e4 d6 2. Nc3 g6 3. f4 Bg7 4. Nf3 c5 5. Bc4 Nc6 6. O-O e6 7. d3 Nge7 8. Qe1
O-O 9. f5 d5 10. Bb3 d4 11. Ne2 Na5 12. Qh4 Nxb3 13. axb3 exf5 14. Ng3 fxe4 15.
Ng5 h6 16. N5xe4 f5 17. Nxc5 Nd5 18. Qxd8 Rxd8 19. Bd2 b6 20. Na6 Bb7 21. Nb4
Ne3 22. Bxe3 dxe3 23. Rab1 Rac8 24. Rfc1 a5 25. Na2 f4 26. Ne2 g5 27. b4 a4 28.
Nac3 a3 29. Na4 axb2 30. Nxb2 b5 31. c4 Bxb2 32. Rxb2 Rxd3 33. c5 Bc6 34. Ra1
Rcd8 35. Rbb1 Rd2 36. Re1 f3 37. gxf3 Bxf3 38. Ng3 Rg2+ 39. Kf1 Rf2+ 40. Kg1
Rg2+ 41. Kf1 Kf8 42. Rxe3 Bc6 43. Ke1 Rg1+ 44. Ke2 Rxa1 45. Re6 0-1

[Event "10eme Open International de La Fere"]
[Site "La Fere (FRA)"]
[Date "2011.07.09"]
[Round "9.18"]
[White "Waquet, Frederic"]
[Black "Obert, Julien"]
[Result "1-0"]
[WhiteElo "1967"]
[BlackElo "1792"]
[PlyCount "67"]
[EventDate "2011.??.??"]

1. e4 c5 2. Nf3 d6 3. d4 cxd4 4. Nxd4 Nf6 5. Nc3 g6 6. f3 Bg7 7. Be3 O-O 8. Qd2
Nc6 9. Bc4 Bd7 10. O-O-O Ne5 11. Bb3 Qa5 12. Kb1 Rfc8 13. h4 Nc4 14. Bxc4 Rxc4
15. Nb3 Qa6 16. Ne2 Rac8 17. c3 b5 18. h5 b4 19. hxg6 hxg6 20. Bh6 bxc3 21.
Nxc3 Bh8 22. Bg5 Bg7 23. Bxf6 Bxf6 24. Nd5 Bg7 25. Nxe7+ Kf8 26. Nxc8 Rxc8 27.
Qxd6+ Qxd6 28. Rxd6 Ke7 29. Rhd1 Be6 30. Na5 Bf6 31. Rc6 Rb8 32. b3 Rh8 33.
Rc7+ Ke8 34. Rxa7 1-0